<?xml version="1.0" encoding="UTF-8"?>
<record
    xmlns:xsi="http://www.w3.org/2001/XMLSchema-instance"
    xsi:schemaLocation="http://www.loc.gov/MARC21/slim http://www.loc.gov/standards/marcxml/schema/MARC21slim.xsd"
    xmlns="http://www.loc.gov/MARC21/slim">

  <leader>00956nam0a22002411  4500</leader>
  <controlfield tag="001">rc\158521</controlfield>
  <controlfield tag="005">20250620212704.0</controlfield>
  <datafield tag="010" ind1=" " ind2=" ">
    <subfield code="a">5-295-016-85-4</subfield>
    <subfield code="9">3000</subfield>
  </datafield>
  <datafield tag="035" ind1=" " ind2=" ">
    <subfield code="a">(NLR Aleph) 005424663</subfield>
  </datafield>
  <datafield tag="090" ind1=" " ind2=" ">
    <subfield code="a">7512912</subfield>
    <subfield code="c">7512912</subfield>
  </datafield>
  <datafield tag="100" ind1=" " ind2=" ">
    <subfield code="a">20030307d1996    |||y0rusy50      ca</subfield>
  </datafield>
  <datafield tag="101" ind1="0" ind2=" ">
    <subfield code="a">rus</subfield>
  </datafield>
  <datafield tag="102" ind1=" " ind2=" ">
    <subfield code="a">RU</subfield>
  </datafield>
  <datafield tag="105" ind1=" " ind2=" ">
    <subfield code="a">y   |||||||||</subfield>
  </datafield>
  <datafield tag="200" ind1="1" ind2=" ">
    <subfield code="a">&#x41C;&#x435;&#x442;&#x43E;&#x434;&#x438;&#x447;&#x435;&#x441;&#x43A;&#x43E;&#x435; &#x440;&#x443;&#x43A;&#x43E;&#x432;&#x43E;&#x434;&#x441;&#x442;&#x432;&#x43E; &#x43A; &#x443;&#x447;&#x435;&#x431;&#x43D;&#x438;&#x43A;&#x443; "&#x420;&#x443;&#x441;&#x441;&#x43A;&#x438;&#x439; &#x44F;&#x437;&#x44B;&#x43A;" &#x434;&#x43B;&#x44F; 9 &#x43A;&#x43B;&#x430;&#x441;&#x441;&#x430; &#x431;&#x430;&#x448;&#x43A;&#x438;&#x440;&#x441;&#x43A;&#x43E;&#x439; &#x448;&#x43A;&#x43E;&#x43B;&#x44B;</subfield>
    <subfield code="e">&#x41F;&#x43E;&#x441;&#x43E;&#x431;&#x438;&#x435; &#x434;&#x43B;&#x44F; &#x443;&#x447;&#x438;&#x442;&#x435;&#x43B;&#x435;&#x439;</subfield>
    <subfield code="f">&#x421;&#x430;&#x44F;&#x445;&#x43E;&#x432;&#x430; &#x41B;.&#x413;., &#x417;&#x430;&#x43A;&#x438;&#x440;&#x44C;&#x44F;&#x43D;&#x43E;&#x432; &#x41A;.&#x417;., &#x410;&#x43B;&#x44C;&#x43C;&#x443;&#x445;&#x430;&#x43C;&#x435;&#x442;&#x43E;&#x432; &#x420;.&#x412;., &#x42F;&#x43C;&#x430;&#x43B;&#x435;&#x442;&#x434;&#x438;&#x43D;&#x43E;&#x432;&#x430; &#x410;.&#x41C;.</subfield>
    <subfield code="g">&#x41F;&#x43E;&#x434; &#x440;&#x435;&#x434;. &#x43F;&#x440;&#x43E;&#x444;. &#x421;&#x430;&#x44F;&#x445;&#x43E;&#x432;&#x43E;&#x439; &#x41B;.&#x413;.</subfield>
  </datafield>
  <datafield tag="210" ind1=" " ind2=" ">
    <subfield code="a">&#x423;&#x444;&#x430;</subfield>
    <subfield code="c">&#x41A;&#x438;&#x442;&#x430;&#x43F;</subfield>
    <subfield code="d">1996</subfield>
  </datafield>
  <datafield tag="215" ind1=" " ind2=" ">
    <subfield code="a">127 &#x441;.</subfield>
    <subfield code="d">20</subfield>
  </datafield>
  <datafield tag="320" ind1=" " ind2=" ">
    <subfield code="a">&#x411;&#x438;&#x431;&#x43B;&#x438;&#x43E;&#x433;&#x440;. &#x432; &#x43F;&#x43E;&#x434;&#x441;&#x442;&#x440;&#x43E;&#x447;. &#x43F;&#x440;&#x438;&#x43C;&#x435;&#x447;.</subfield>
  </datafield>
  <datafield tag="801" ind1=" " ind2="0">
    <subfield code="a">RU</subfield>
    <subfield code="b">NLR</subfield>
    <subfield code="g">psbo</subfield>
  </datafield>
  <datafield tag="801" ind1=" " ind2="1">
    <subfield code="a">RU</subfield>
    <subfield code="b">ELAR</subfield>
    <subfield code="2">rusmarc</subfield>
  </datafield>
  <datafield tag="852" ind1=" " ind2=" ">
    <subfield code="a">NLR</subfield>
    <subfield code="j">96-3/12241</subfield>
  </datafield>
  <datafield tag="942" ind1=" " ind2=" ">
    <subfield code="c">BOOK</subfield>
  </datafield>
  <datafield tag="980" ind1=" " ind2=" ">
    <subfield code="a">NB</subfield>
  </datafield>
  <datafield tag="995" ind1=" " ind2=" ">
    <subfield code="5">2013-10-26</subfield>
    <subfield code="b">NLR01</subfield>
    <subfield code="c">NLR01</subfield>
    <subfield code="e">RF8</subfield>
    <subfield code="f">5424663-10</subfield>
    <subfield code="k">96-3/12241</subfield>
    <subfield code="o">0</subfield>
    <subfield code="r">BOOK</subfield>
    <subfield code="s">96312241_</subfield>
  </datafield>
</record>
